| Tag |
First Indicator |
Second Indicator |
Subfields |
| LEADER |
00000pam a2200000 a 4500 |
| 001 |
in00000086278 |
| 005 |
20190408100736.0 |
| 008 |
811106s1981 maucf 00110deng |
| 010 |
|
|
|a 81019383
|
| 020 |
|
|
|a 0316927910
|
| 035 |
|
|
|a (OCoLC)07999171
|
| 035 |
|
|
|9 AAK0637AM
|
| 039 |
0 |
|
|a 2
|b 3
|c 3
|d 3
|e 3
|
| 040 |
|
|
|a DLC
|c DLC
|d TXA
|d UtOrBLW
|
| 043 |
|
|
|a n-us---
|
| 049 |
|
|
|a TXAM
|c [388492]
|
| 050 |
0 |
0 |
|a PN4874 W369
|b A33
|
| 082 |
0 |
|
|a 070.4/1/0924
|a B
|2 19
|
| 100 |
1 |
|
|a Weeks, Edward,
|d 1898-1989.
|
| 245 |
1 |
0 |
|a Writers and friends /
|c by Edward Weeks.
|
| 264 |
|
1 |
|a Boston :
|b Little, Brown,
|c [1981]
|
| 264 |
|
4 |
|c ©1981
|
| 300 |
|
|
|a xii, 323 pages, 16 unnumbered pages of plates :
|b portraits ;
|c 24 cm.
|
| 336 |
|
|
|a text
|b txt
|2 rdacontent
|
| 337 |
|
|
|a unmediated
|b n
|2 rdamedia
|
| 338 |
|
|
|a volume
|b nc
|2 rdacarrier
|
| 500 |
|
|
|a "An Atlantic Monthly Press book."
|
| 500 |
|
|
|a Includes index.
|
| 500 |
|
|
|a The Cushing Library/Basbanes collection copy contains a review slip and Basbanes' handwritten interview notes, is inscribed to Nicholas A. Basbanes by the author, and is part of the Nicholas A. Basbanes Collection of Inscribed Books.
|
| 541 |
0 |
|
|a Donated by Nicholas A. Basbanes
|d 20151124
|
| 600 |
1 |
0 |
|a Weeks, Edward,
|d 1898-1989.
|
| 630 |
0 |
0 |
|a Atlantic (Boston, Mass. : 1932)
|
| 650 |
|
0 |
|a Journalists
|z United States
|v Biography.
|
| 650 |
|
0 |
|a Editors
|z United States
|v Biography.
|
| 650 |
|
0 |
|a Authors, American
|y 20th century
|v Biography.
|
| 700 |
1 |
|
|a Basbanes, Nicholas A.,
|d 1943-
|e former owner.
|
| 999 |
|
|
|a MARS
|
| 999 |
f |
f |
|s a202e63e-4e0b-31c0-b981-e3f9e61ce685
|i f87baca3-230f-339b-8516-a4b866d234cf
|t 0
|
| 952 |
f |
f |
|p ric
|a Texas A&M University
|b Rellis Campus
|c Joint Library Facility
|d Remote Storage
|t 0
|e PN4874 W369 A33
|h Library of Congress classification
|i unmediated -- volume
|m A14805969599
|
| 952 |
f |
f |
|p noncirc
|a Texas A&M University
|b College Station
|c Cushing Memorial Library & Archives
|d Cushing: Nicholas Basbanes (Does not check out)
|t 0
|e PN4874 W369 A33 1981
|h Library of Congress classification
|i unmediated -- volume
|
| 998 |
f |
f |
|a PN4874 W369 A33 1981
|t 0
|l Cushing: Nicholas Basbanes (Does not check out)
|
| 998 |
f |
f |
|a PN4874 W369 A33
|t 0
|l Remote Storage
|